Co to za logo? #10 - Statystyki

Ogólne statystyki
  • Ten quiz został rozwiązany 4 235 razy
  • Średni wynik to 6 z 20
Statystyki odpowiedzi
Obrazkowy Odpowiedź % Poprawnych
BMW
100%
Pinterest
80%
Old Spice
71%
Premier League
59%
Nescafe
55%
AirBnb
32%
Citi
31%
Sephora
27%
Tabasco
27%
Evian
25%
Fuji
10%
Häagen-Dazs
10%
Home Depot
10%
Uniqlo
10%
Chips Ahoy!
8%
Krispy Kreme
7%
Little Caesar's
6%
Texas Instruments
5%
Wonder Bread
2%
Yoplait
2%
Nie znaleziono quizów pasujących do podanych kryteriów
Rozkład punktacji
Procent ludzi z każdym wynikiem
Percentyl według liczby udzielonych odpowiedzi
Twoja historia wyników
Nie rozwiązałeś tego quizu